[Event "EU Union-ch U14 18th"]
[Site "Mureck"]
[Date "2021.08.11"]
[Round "8"]
[White "Schmid, Johannes"]
[Black "Todorova, Daniela"]
[Result "0-1"]
[WhiteElo "1119"]
[BlackElo "1054"]
[PlyCount "76"]
[EventDate "2021.08.04"]
[EventType "swiss"]
[EventRounds "9"]
[EventCountry "AUT"]
[SourceTitle "EXT 2022"]
[Source "ChessBase"]
[SourceDate "2021.10.06"]
[SourceVersion "1"]
[SourceVersionDate "2021.10.06"]
[SourceQuality "1"]

1. e4 e5 2. Nf3 Nc6 3. Bc4 Nf6 4. d3 Bc5 5. c3 0-0 6. Nbd2 d6 7. Bb3 h6 8. h3 Bb6 9. 0-0 Ne7 10. Re1 Ng6 11. Nc4 Nh5 12. d4 Qf6 13. dxe5 dxe5 14. Rf1 Nh4 15. Nxh4 Qxh4 16. Nxb6 axb6 17. Qf3 g5 18. g4 Nf4 19. Bd1 Nxh3+ 20. Kg2 Bxg4 21. Qxg4 Nf4+ 22. Bxf4 Qxg4+ 23. Bxg4 exf4 24. a3 Kg7 25. Rad1 Rh8 26. Rh1 Kg6 27. Bf5+ Kf6 28. Rd7 Rac8 29. Rd4 Rce8 30. f3 Re7 31. b4 c5 32. Rd6+ Kg7 33. Rxb6 Rc7 34. a4 cxb4 35. cxb4 Rd8 36. Rhxh6 Rd2+ 37. Kh3 Rc1 38. Rh7+ Kg8 0-1

[Event "EU Union-ch U14 18th"]
[Site "Mureck"]
[Date "2021.08.09"]
[Round "6"]
[White "Schmid, Johannes"]
[Black "Lorenz, Yola Felizitas"]
[Result "0-1"]
[WhiteElo "1119"]
[BlackElo "1207"]
[PlyCount "44"]
[EventDate "2021.08.04"]
[EventType "swiss"]
[EventRounds "9"]
[EventCountry "AUT"]
[SourceTitle "EXT 2022"]
[Source "ChessBase"]
[SourceDate "2021.10.06"]
[SourceVersion "1"]
[SourceVersionDate "2021.10.06"]
[SourceQuality "1"]

1. e4 c5 2. Nf3 d6 3. d4 cxd4 4. Nxd4 Nf6 5. Nc3 a6 6. Bg5 Nbd7 7. f4 h6 8. Bxf6 Nxf6 9. Bd3 e5 10. fxe5 dxe5 11. Nf5 Bb4 12. Nxg7+ Kf8 13. Nf5 Bxf5 14. exf5 Qd4 15. Kf1 Bxc3 16. bxc3 Qxc3 17. Rb1 Rg8 18. Qf3 Re8 19. Be4 Qc4+ 20. Bd3 Qxa2 21. Qxb7 e4 22. Qxa6 Qxb1+ 0-1